Mission impawsible

Bibliographic Details
Main Author: Butler, Steven
Other Authors: Patterson, James, Watson, Richard
Format: Book
Published: London : Young Arrow , 2019
Subjects:

MARC

LEADER 00000cam a2200000 7i4500
001 0000278454
005 20210121093453.0
020 |a 9781529119596 
090 0 |a JF   |b BUT 
100 1 |a Butler, Steven 
245 1 0 |a Mission impawsible   |c Steven Buyler and James Patterson ; illustrated by Richard Watson 
260 |a London :   |b Young Arrow ,   |c 2019 
300 |a 168p. ;   |c 18cm. 
650 0 |a Children's stories 
700 0 |a Patterson, James 
700 0 |a Watson, Richard 
999 |a 00385841   |b BUKU   |c PINJAMAN   |e PERPUSTAKAAN KOMUNITI CAW BANDAR UTAMA